00387nam a2200157Ia 45000010006000000050017000060080041000230410008000640820018000721000023000902450056001132600009001693000035001786500008002136540008002212237220260414150827.0260414t2010||||xx |||||||||||||| ||spa|| aESP a621.38bC247H aHucaby, DavideAUT 0aCCNP SWITCH 642-813 :bofficial certification guide c2010 axxvii, 460 páginas :c24 cm. aTCA aCET